Statistics for Super Smash Bros. Characters by Silhouettes

Click here to take the quiz!

General Stats

  • This quiz has been taken 122 times
  • The average score is 14 of 16

Answer Stats

Answer% Correct
Mario
100%
Pikachu
98%
Sonic
98%
Kirby
96%
Link
96%
Pac-Man
93%
Steve
92%
Samus
91%
Fox
89%
Little Mac
82%
Villager
82%
Inkling
80%
Mr. Game & Watch
80%
Pit
80%
Marth
78%
Sora
75%

Score Distribution

Percentile by Number Answered

Percent of People with Each Score

Your Score History

You have not taken this quiz